| Поле | Инд. | ПП | Название | Значение |
|---|---|---|---|---|
| Тип записи | a | |||
| Библиографический уровень | m | |||
| 001 | Контрольный номер | RU/LIBMSTU/257935652 | ||
| 005 | Дата корректировки | 20181218112549.2 | ||
| 008 | Кодируемые данные | 080319|||||||||ru |||||||||||000|||rus|| | ||
| 020 | a | ISBN | 978-5-466-00259-0 | |
| c | Цена, тираж | 300-00 | ||
| 040 | b | Код языка каталог. | rus | |
| 041 | 0_ | a | Код языка текста | rus |
| 084 | a | Индекс другой классификации/Индекс ББК | 67.410.1+67.7 | |
| 090 | a | Полочн. индекс | 67.410.1 | |
| x | Авторский знак | О-62 | ||
| 245 | 10 | a | Заглавие | Оптимизация гражданского правосудия России |
| c | Ответственность | [Дегтярев С. Л. и др.] ; предисл. В. Ф. Яковлева ; под ред. В. В. Яркова | ||
| 260 | a | Место издания | Москва | |
| b | Издательство | Волтерс Клувер | ||
| c | Дата издания | 2007 | ||
| 300 | a | Объем | XIV, 177 с. | |
| b | Иллюстрации/ тип воспроизводства | ил. | ||
| 440 | _7 | a | Серия | Серия "Гражданский и арбитражный процесс: современный взгляд" : осн. в 2006 г. |
| 500 | a | Примечание | Авт. указаны на Х с. | |
| 650 | 04 | a | Основная рубрика | Гражданское судопроизводство-Российская Федерация |
| 650 | 14 | a | Основная рубрика | Судебная система-Российская Федерация |
| 653 | 0_ | a | Ключевые слова | Судопроизводство |
| 653 | 1_ | a | Ключевые слова | Гражданское судопроизводство |
| 653 | 1_ | a | Ключевые слова | Судебная реформа |
| 653 | 1_ | a | Ключевые слова | Гражданский процесс |
| 653 | 1_ | a | Ключевые слова | Правосудие |
| 653 | 1_ | a | Ключевые слова | Исполнительное производство |
| 653 | 1_ | a | Ключевые слова | Суд |
| 901 | t | Тип документа | m |